|
|
|
|
| LEADER |
01085nam a2200289 a 4500 |
| 001 |
000408778 |
| 008 |
100510s1998 mau 000 0 eng d |
| 020 |
|
|
|a 0070125678
|
| 020 |
|
|
|a 007115485X
|
| 040 |
|
|
|a BDS
|c BDS
|d BD-DhAAL
|
| 082 |
0 |
0 |
|a 004
|2 21
|
| 100 |
1 |
|
|a O'Leary, Timothy J.,
|d 1947-
|
| 245 |
1 |
0 |
|a Computing essentials, 1998-1999 /
|c Timothy J. O'Leary, Linda I. O'Leary.
|
| 250 |
|
|
|a Annual ed.
|
| 260 |
|
|
|a Boston, MA :
|b McGraw-Hill/Irwin,
|c 1998.
|
| 300 |
|
|
|a v. p. ;
|c 26 cm.
|
| 490 |
0 |
|
|a The O'Leary series
|
| 504 |
|
|
|a Includes index.
|
| 541 |
1 |
|
|e 00007763
|
| 650 |
|
0 |
|a Microcomputers.
|
| 650 |
|
0 |
|a Computer science.
|
| 650 |
|
0 |
|a Information technology.
|
| 700 |
1 |
|
|a O'Leary, Linda I.
|
| 852 |
4 |
|
|a Ayesha Abed Library
|j General shelf
|
| 999 |
|
|
|c 8482
|d 8482
|
| 952 |
|
|
|0 0
|1 0
|2 ddc
|4 0
|6 004_OLE_199800000000000
|7 0
|9 9989
|a BRACUL
|b BRACUL
|c GEN
|d 2010-05-10
|l 0
|o 004 OLE
|p 3010007763
|r 2010-05-10
|t 1
|w 2010-05-10
|y BK
|
| 952 |
|
|
|0 0
|1 0
|2 ddc
|4 0
|6 004_000000000000000_OLE
|7 0
|9 24159
|a SCL
|b SCL
|c GEN
|d 2005-07-19
|l 1
|m 6
|o 004 OLE
|p 3020005609
|r 2017-10-29
|s 2017-09-18
|t 2
|w 2014-04-21
|y BK
|